00503nam a2200157Ia 4500008004100000020001500041082001600056100002000072245007600092250000800168260005000176300002900226500001900255600002100274650005000295240925s9999 xx 000 0 und d a8126503653 a005.756 IMH aImhoff, Claudia 0aMastering Data Warehouse Design: relational and dimensional techniques  a1st aNew Delhi:bNewWiley -dreamtech Pressc,2003. axxxiv,973p.bNAfPirated aIncludes Index aComputer Science aComputer science, information & general works